Word Ladder: Never Give Up, Never Surrender Quiz Stats

 Plays Quiz not verified by Sporcle

Score 0/19 Timer 02:00
0 Plays Today
Hint 5 Letter Word % Correct
One who works with stone or brickMASON
85.4%
Damon, LeBlanc and SelbyMATTS
81.8%
LiquifiesMELTS
79.7%
Milk shakes with a little something extraMALTS
77.8%
SpousesMATES
73%
''I Can See For _____'' - the WhoMILES
71.3%
Approximately 39.37 inchesMETER
70.1%
Tiny arachnidsMITES
64.9%
Latin for fatherPATER
59.7%
Bishop headdressMITER
59.2%
Hint 5 Letter Word % Correct
Actor who plays the commander on TV, _____ NesmithJASON
58%
Commander of the NSEA Protector, _____ Quincy TaggertPETER
56.4%
HeadsPATES
52.8%
Actor who plays the TV actor who plays the commander
who says the catchphrase, Tim _____
ALLEN
49.4%
Gourd fruitMELON
45.9%
''Deutschland ├╝ber _____.'' - DeutschlandliedALLES
44.4%
Subatomic particle that alliterates with previous rungMESON
43%
President of the Fox News Channel, Roger _____AILES
42.1%
Spelling variation for a Greek islandMELOS
40.6%

You're not logged in!

Compare scores with friends on all Sporcle quizzes.
Join for Free
OR
Log In

You Might Also Like...

Show Comments

Extras

Editor's Pick Aug 17, 2014ReportNominate
Tags:Word Ladder Quiz, 5-letter, galaxy, quest

Top Quizzes Today


Score Distribution

Your Account Isn't Verified!

In order to create a playlist on Sporcle, you need to verify the email address you used during registration. Go to your Sporcle Settings to finish the process.

Report this User

Report this user for behavior that violates our Community Guidelines.

Details: